[Event "AUT-ch Open 2020"]
[Site "Graz"]
[Date "2020.02.19"]
[Round "7.18"]
[White "Lim, Zhuo Ren"]
[Black "Kilgus, Georg"]
[Result "1/2-1/2"]
[WhiteElo "2296"]
[BlackElo "2450"]
[Annotator "ChessBase"]
[PlyCount "162"]
[EventDate "2020.02.14"]
[EventType "swiss"]
[EventCountry "AUT"]
[SourceTitle "playchess.com"]
[Source "ChessBase"]
[SourceQuality "1"]
[TimeControl "40/5400+30:1800+30"]

1. d4 {[%emt 0:00:00]} Nf6 {[%emt 0:00:00]} 2. c4 {[%emt 0:00:00]} e6 {[%emt 0:00:00]} 3. Nf3 {[%emt 0:00:00]} d5 {[%emt 0:00:00]} 4. g3 {[%emt 0:00:14]} dxc4 {[%emt 0:00:00]} 5. Bg2 {[%emt 0:00:21]} c6 {[%emt 0:00:00]} 6. Ne5 {[%emt 0:00:25]} c5 {[%emt 0:00:00]} 7. Qa4+ {[%emt 0:18:32]} Nbd7 {[%emt 0:00:08]} 8. dxc5 {[%emt 0:01:58]} Bxc5 {[%emt 0:00:56]} 9. O-O {[%emt 0:01:41]} O-O {[%emt 0:00:47]} 10. Nxc4 {[%emt 0:00:47]} Rb8 {[%emt 0:04:12]} 11. Nc3 {[%emt 0:04:38]} a6 {[%emt 0:01:28]} 12. Qc2 {[%emt 0:00:16]} b5 {[%emt 0:04:17]} 13. Nd2 {[%emt 0:00:12]} Qc7 {[%emt 0:00:33]} 14. Qb1 {[%emt 0:03:57]} Bb7 {[%emt 0:08:06]} 15. Nde4 {[%emt 0:00:56]} Bd4 {[%emt 0:03:34]} 16. Rd1 {[%emt 0:06:05]} Bxc3 {[%emt 0:00:59]} 17. bxc3 {[%emt 0:02:25]} Nxe4 {[%emt 0:09:04]} 18. Bxe4 {[%emt 0:00:02]} Bxe4 {[%emt 0:00:05]} 19. Qxe4 {[%emt 0:00:05]} Qxc3 {[%emt 0:00:07]} 20. Bf4 {[%emt 0:03:51]} Nf6 {[%emt 0:02:51]} 21. Qg2 {[%emt 0:01:31]} Rbd8 {[%emt 0:01:34]} 22. Qb7 {[%emt 0:01:22]} Qc2 {[%emt 0:06:21]} 23. Re1 {[%emt 0:07:57]} Qc8 {[%emt 0:10:56]} 24. Qf3 {[%emt 0:00:14]} Qa8 {[%emt 0:00:15]} 25. Qb3 {[%emt 0:01:28]} Nd5 {[%emt 0:02:53]} 26. Bd2 {[%emt 0:01:30]} Qb7 {[%emt 0:13:39]} 27. a4 {[%emt 0:03:49]} Rb8 {[%emt 0:02:59]} 28. Rab1 {[%emt 0:03:00]} Qd7 {[%emt 0:02:08]} 29. e4 {[%emt 0:01:13]} Nf6 {[%emt 0:05:18]} 30. Bf4 {[%emt 0:00:13]} Rb7 {[%emt 0:01:17]} 31. Red1 {[%emt 0:07:40]} Qc6 {[%emt 0:00:42]} 32. Rd6 {[%emt 0:01:15]} Qxe4 {[%emt 0:00:33]} 33. f3 {[%emt 0:03:01]} Qf5 {[%emt 0:03:17]} 34. Rxa6 {[%emt 0:00:40]} b4 {[%emt 0:00:11]} 35. Rc6 {[%emt 0:06:15]} h5 {[%emt 0:02:36]} 36. Rd1 {[%emt 0:03:41]} Nd5 {[%emt 0:03:25]} 37. Bd6 {[%emt 0:00:09]} Ra8 {[%emt 0:00:40]} 38. Rc5 {[%emt 0:01:53]} Rba7 {[%emt 0:01:31]} 39. Ra1 {[%emt 0:02:23]} Qf6 {[%emt 0:00:01]} 40. Rcc1 {[%emt 0:00:12]} Qd4+ {[%emt 0:01:09]} 41. Kh1 {[%emt 0:30:41]} Ra6 {[%emt 0:31:05]} 42. Bc5 {[%emt 0:00:11]} Qf6 {[%emt 0:01:18]} 43. Kg2 {[%emt 0:00:35]} h4 {[%emt 0:04:12]} 44. Bf2 {[%emt 0:01:46]} Qf5 {[%emt 0:00:00]} 45. Bd4 {[%emt 0:00:00]} g5 {[%emt 0:00:00]} 46. Re1 {[%emt 0:00:00]} g4 {[%emt 0:00:00]} 47. fxg4 {[%emt 0:00:00]} Qxg4 {[%emt 0:00:00]} 48. Be5 {[%emt 0:00:00]} h3+ {[%emt 0:00:00]} 49. Kg1 {[%emt 0:00:00]} Nc3 {[%emt 0:00:00]} 50. Qc2 {[%emt 0:00:00]} Qf3 {[%emt 0:00:00]} 51. Qd2 {[%emt 0:00:00]} f6 {[%emt 0:00:06]} 52. Re3 {[%emt 0:00:00]} Qd5 {[%emt 0:02:25]} 53. Bxc3 {[%emt 0:00:00]} bxc3 {[%emt 0:00:05]} 54. Qxd5 {[%emt 0:00:00]} exd5 {[%emt 0:00:03]} 55. Rxc3 {[%emt 0:00:00]} Rxa4 {[%emt 0:00:04]} 56. Rxa4 {[%emt 0:00:00]} Rxa4 {[%emt 0:00:04]} 57. Rd3 {[%emt 0:00:00]} Ra1+ {[%emt 0:01:19]} 58. Kf2 {[%emt 0:00:00]} Ra2+ {[%emt 0:00:02]} 59. Kg1 {[%emt 0:00:00]} Kf7 {[%emt 0:03:58]} 60. Rxd5 {[%emt 0:00:00]} Kg6 {[%emt 0:00:02]} 61. Rd4 {[%emt 0:00:00]} Ra1+ {[%emt 0:00:10]} 62. Kf2 Rh1 {[%emt 0:00:15]} 63. g4 {[%emt 0:00:00]} Rxh2+ {[%emt 0:00:05]} 64. Kg3 {[%emt 0:00:00]} Rh1 {[%emt 0:00:05]} 65. Rd5 {[%emt 0:00:00]} h2 {[%emt 0:00:33]} 66. Kg2 {[%emt 0:00:00]} Rg1+ {[%emt 0:00:04]} 67. Kxh2 {[%emt 0:00:00]} Rxg4 {[%emt 0:00:03]} 68. Kh3 {[%emt 0:00:00]} Rg1 {[%emt 0:02:09]} 69. Kh2 {[%emt 0:00:00]} Rg4 {[%emt 0:00:21]} 70. Kh3 {[%emt 0:00:00]} f5 {[%emt 0:00:03]} 71. Rd3 {[%emt 0:00:13]} Kf6 {[%emt 0:03:18]} 72. Rg3 {[%emt 0:00:10]} Ra4 {[%emt 0:00:03]} 73. Kg2 {[%emt 0:00:17]} Ke5 {[%emt 0:00:04]} 74. Rb3 {[%emt 0:00:12]} Kf4 {[%emt 0:00:08]} 75. Kf2 {[%emt 0:00:08]} Ra2+ {[%emt 0:00:03]} 76. Kf1 {[%emt 0:00:05]} Kg4 {[%emt 0:00:02]} 77. Rc3 {[%emt 0:00:03]} f4 {[%emt 0:00:12]} 78. Rb3 {[%emt 0:00:07]} Ra1+ {[%emt 0:00:21]} 79. Kf2 {[%emt 0:00:02]} Ra2+ {[%emt 0:00:02]} 80. Kf1 {[%emt 0:00:04]} Ra1+ {[%emt 0:00:01]} 81. Kf2 {[%emt 0:00:08]} Ra2+ {[%emt 0:00:23]} 1/2-1/2

[Event "AUT-ch Open 2020"]
[Site "Graz"]
[Date "2020.02.19"]
[Round "7.18"]
[White "Redzisz, Michal"]
[Black "Brinovec, David"]
[Result "1/2-1/2"]
[WhiteElo "2115"]
[BlackElo "2279"]
[Annotator "NA"]
[PlyCount "101"]
[EventDate "2020.02.14"]
[EventType "swiss"]
[EventCountry "AUT"]
[SourceTitle "playchess.com"]
[Source "ChessBase"]
[SourceQuality "1"]
[TimeControl "40/5400+30:1800+30"]

1. d4 {[%emt 0:00:00]} d5 {[%emt 0:00:00]} 2. c4 {[%emt 0:00:00]} e6 {[%emt 0:00:00]} 3. Nf3 {[%emt 0:00:00]} Nf6 {[%emt 0:00:00]} 4. g3 {[%emt 0:00:00]} c6 {[%emt 0:00:00]} 5. Bg2 {[%emt 0:00:16]} Nbd7 {[%emt 0:00:00]} 6. Nbd2 {[%emt 0:00:25]} Bd6 {[%emt 0:00:02]} 7. O-O {[%emt 0:00:07]} O-O {[%emt 0:00:04]} 8. Qc2 {[%emt 0:00:08]} Re8 {[%emt 0:00:08]} 9. b3 {[%emt 0:02:48]} e5 {[%emt 0:00:36]} 10. dxe5 {[%emt 0:00:20]} Nxe5 {[%emt 0:00:09]} 11. Bb2 {[%emt 0:00:20]} Nxf3+ {[%emt 0:05:28]} 12. Nxf3 {[%emt 0:04:44]} dxc4 {[%emt 0:00:11]} 13. Qxc4 {[%emt 0:00:09]} Be6 {[%emt 0:00:05]} 14. Qc2 {[%emt 0:01:08]} Bd5 {[%emt 0:00:10]} 15. Nd4 {[%emt 0:05:36]} Bxg2 {[%emt 0:15:51]} 16. Kxg2 {[%emt 0:00:05]} Be5 {[%emt 0:02:02]} 17. Rfd1 {[%emt 0:04:33]} Qe7 {[%emt 0:06:29]} 18. e3 {[%emt 0:04:24]} Rad8 {[%emt 0:02:00]} 19. Rac1 {[%emt 0:05:27]} g6 {[%emt 0:01:53]} 20. Qc5 {[%emt 0:21:07]} Qxc5 {[%emt 0:02:00]} 21. Rxc5 {[%emt 0:00:03]} Ne4 {[%emt 0:01:35]} 22. Rcc1 {[%emt 0:03:27]} c5 {[%emt 0:29:16]} 23. f3 {[%emt 0:00:58]} Nxg3 {[%emt 0:08:12]} 24. hxg3 {[%emt 0:05:21]} Bxd4 {[%emt 0:03:24]} 25. exd4 {[%emt 0:12:16]} Re2+ {[%emt 0:00:06]} 26. Kh3 {[%emt 0:00:02]} Rxb2 {[%emt 0:00:06]} 27. dxc5 {[%emt 0:00:02]} Rxd1 {[%emt 0:06:01]} 28. Rxd1 {[%emt 0:00:03]} Rxa2 {[%emt 0:00:04]} 29. Rd7 {[%emt 0:00:19]} Ra5 {[%emt 0:00:03]} 30. Rxb7 {[%emt 0:02:53]} Rxc5 {[%emt 0:00:05]} 31. Rxa7 {[%emt 0:00:31]} Rc3 {[%emt 0:00:07]} 32. f4 {[%emt 0:01:39]} Rxb3 {[%emt 0:00:04]} 33. Rc7 {[%emt 0:01:59]} Kg7 {[%emt 0:00:06]} 34. Ra7 {[%emt 0:01:23]} Rb6 {[%emt 0:00:36]} 35. Rc7 {[%emt 0:01:52]} Kf6 {[%emt 0:00:08]} 36. Kh4 {[%emt 0:02:07]} h6 {[%emt 0:00:44]} 37. Kh3 {[%emt 0:00:31]} Rd6 {[%emt 0:00:41]} 38. Ra7 {[%emt 0:00:41]} Ke6 {[%emt 0:00:36]} 39. Rb7 {[%emt 0:02:33]} Rd7 {[%emt 0:00:10]} 40. Rb5 {[%emt 0:00:20]} f6 {[%emt 0:00:41]} 41. Kg4 {[%emt 0:32:49]} h5+ {[%emt 0:33:19]} 42. Kh4 {[%emt 0:09:18]} Rd1 {[%emt 0:01:27]} 43. Kh3 {[%emt 0:00:00]} Rd5 {[%emt 0:00:00]} 44. Rb6+ {[%emt 0:00:00]} Kf5 {[%emt 0:00:00]} 45. Ra6 {[%emt 0:00:00]} Rd2 {[%emt 0:00:00]} 46. Rb6 {[%emt 0:00:00]} Rd1 {[%emt 0:00:00]} 47. Ra6 {[%emt 0:00:00]} Re1 {[%emt 0:00:00]} 48. Rb6 {[%emt 0:00:00]} Re6 {[%emt 0:00:00]} 49. Rb4 {[%emt 0:00:00]} Rd6 {[%emt 0:00:00]} 50. Ra4 {[%emt 0:00:00]} g5 {[%emt 0:00:00]} 51. fxg5 {[%emt 0:00:00]} 1/2-1/2

[Event "AUT-ch Open 2020"]
[Site "Graz"]
[Date "2020.02.19"]
[Round "7.19"]
[White "Ozturk, Kubra"]
[Black "David, Alexandru-Vasile"]
[Result "1-0"]
[WhiteElo "2286"]
[BlackElo "2436"]
[Annotator "NA"]
[PlyCount "105"]
[EventDate "2020.02.14"]
[EventType "swiss"]
[EventCountry "AUT"]
[SourceTitle "playchess.com"]
[Source "ChessBase"]
[SourceQuality "1"]
[TimeControl "40/5400+30:1800+30"]

1. d4 {[%emt 0:00:00]} Nf6 {[%emt 0:00:19]} 2. c4 {[%emt 0:00:00]} e6 {[%emt 0:00:07]} 3. Nc3 {[%emt 0:00:07]} c5 {[%emt 0:00:14]} 4. Nf3 {[%emt 0:06:47]} d5 {[%emt 0:03:38]} 5. cxd5 {[%emt 0:01:24]} exd5 {[%emt 0:00:14]} 6. g3 {[%emt 0:02:02]} Nc6 {[%emt 0:00:18]} 7. Bg2 {[%emt 0:02:44]} cxd4 {[%emt 0:00:06]} 8. Nxd4 {[%emt 0:00:11]} Bc5 {[%emt 0:00:06]} 9. Nxc6 {[%emt 0:08:14]} bxc6 {[%emt 0:00:10]} 10. O-O {[%emt 0:00:14]} O-O {[%emt 0:00:07]} 11. Qc2 {[%emt 0:02:49]} Bb6 {[%emt 0:00:08]} 12. e3 {[%emt 0:18:06]} h5 {[%emt 0:07:57]} 13. h4 {[%emt 0:04:03]} Bg4 {[%emt 0:05:37]} 14. b3 {[%emt 0:08:13]} Qd7 {[%emt 0:01:48]} 15. Ba3 {[%emt 0:06:37]} Rfe8 {[%emt 0:00:24]} 16. Na4 {[%emt 0:11:15]} Bh3 {[%emt 0:00:15]} 17. Bc5 {[%emt 0:00:58]} Bc7 {[%emt 0:11:08]} 18. Bd4 {[%emt 0:01:19]} Bxg2 {[%emt 0:05:44]} 19. Kxg2 {[%emt 0:00:01]} Be5 {[%emt 0:00:09]} 20. Rfd1 {[%emt 0:04:07]} Ng4 {[%emt 0:01:25]} 21. Rac1 {[%emt 0:03:03]} Rac8 {[%emt 0:01:09]} 22. Nc5 {[%emt 0:00:32]} Qd6 {[%emt 0:00:30]} 23. Qf5 {[%emt 0:02:20]} g6 {[%emt 0:03:23]} 24. Bxe5 {[%emt 0:00:22]} Nxe5 {[%emt 0:00:09]} 25. Ne4 {[%emt 0:09:43]} Qd8 {[%emt 0:02:25]} 26. Nf6+ {[%emt 0:03:53]} Kf8 {[%emt 0:00:49]} 27. Qg5 {[%emt 0:01:48]} Re6 {[%emt 0:00:07]} 28. Nh7+ {[%emt 0:00:24]} Kg7 {[%emt 0:00:09]} 29. Qxd8 {[%emt 0:00:04]} Rxd8 {[%emt 0:00:04]} 30. Ng5 {[%emt 0:00:07]} Rf6 {[%emt 0:00:06]} 31. Ne4 {[%emt 0:01:55]} Re6 {[%emt 0:00:49]} 32. Ng5 {[%emt 0:00:15]} Rf6 {[%emt 0:00:06]} 33. Ne4 {[%emt 0:00:00]} Re6 {[%emt 0:00:06]} 34. Nc5 {[%emt 0:00:50]} Rf6 {[%emt 0:00:09]} 35. Rd4 {[%emt 0:00:36]} Ng4 {[%emt 0:00:42]} 36. Nd3 {[%emt 0:00:26]} Re8 {[%emt 0:01:00]} 37. Rc5 {[%emt 0:01:06]} Re4 {[%emt 0:00:19]} 38. Ra5 {[%emt 0:01:00]} Rxd4 {[%emt 0:00:54]} 39. exd4 {[%emt 0:00:03]} Re6 {[%emt 0:00:07]} 40. Nf4 {[%emt 0:01:02]} Re1 {[%emt 0:00:25]} 41. f3 {[%emt 0:31:08]} Nh6 {[%emt 0:30:28]} 42. Rxa7 {[%emt 0:00:00]} Nf5 {[%emt 0:00:00]} 43. Kf2 {[%emt 0:00:00]} Rd1 {[%emt 0:00:00]} 44. Ne6+ {[%emt 0:00:00]} Kg8 {[%emt 0:00:00]} 45. Ra8+ {[%emt 0:00:00]} Kh7 {[%emt 0:00:00]} 46. Ng5+ {[%emt 0:00:00]} Kg7 {[%emt 0:00:00]} 47. Ra7 {[%emt 0:00:00]} Rd2+ {[%emt 0:00:00]} 48. Ke1 {[%emt 0:00:00]} Rg2 {[%emt 0:00:00]} 49. Nxf7 {[%emt 0:00:00]} Nxd4 {[%emt 0:00:00]} 50. Kf1 {[%emt 0:00:00]} Rxg3 {[%emt 0:00:00]} 51. Ng5+ {[%emt 0:00:00]} Kg8 {[%emt 0:00:00]} 52. Kf2 {[%emt 0:00:00]} Nf5 {[%emt 0:00:00]} 53. a4 {[%emt 0:00:00]} 1-0

[Event "AUT-ch Open 2020"]
[Site "Graz"]
[Date "2020.02.19"]
[Round "7.19"]
[White "Golecki, Jan"]
[Black "Breneis, Lukas"]
[Result "0-1"]
[WhiteElo "2112"]
[BlackElo "2250"]
[Annotator "NA"]
[PlyCount "64"]
[EventDate "2020.02.14"]
[EventType "swiss"]
[EventCountry "AUT"]
[SourceTitle "playchess.com"]
[Source "ChessBase"]
[SourceQuality "1"]
[TimeControl "40/5400+30:1800+30"]

1. e4 {[%emt 0:00:00]} e5 {[%emt 0:00:00]} 2. Nf3 {[%emt 0:00:00]} Qe7 {[%emt 0:00:49]} 3. Bc4 {[%emt 0:03:14]} d6 {[%emt 0:00:44]} 4. d4 {[%emt 0:02:06]} c6 {[%emt 0:04:27]} 5. b3 {[%emt 0:05:08]} Bg4 {[%emt 0:19:06]} 6. dxe5 {[%emt 0:17:12]} dxe5 {[%emt 0:01:51]} 7. h3 {[%emt 0:01:26]} Bh5 {[%emt 0:01:25]} 8. Qe2 {[%emt 0:10:50]} Qc7 {[%emt 0:04:50]} 9. Bb2 {[%emt 0:00:29]} Nd7 {[%emt 0:03:01]} 10. g4 {[%emt 0:00:09]} Bg6 {[%emt 0:00:15]} 11. Nh4 {[%emt 0:00:02]} Ngf6 {[%emt 0:03:10]} 12. Nd2 {[%emt 0:00:41]} Nc5 {[%emt 0:12:39]} 13. O-O-O {[%emt 0:02:51]} b5 {[%emt 0:05:22]} 14. f4 {[%emt 0:13:09]} Nfd7 {[%emt 0:08:12]} 15. f5 {[%emt 0:03:19]} bxc4 {[%emt 0:00:05]} 16. Nxc4 {[%emt 0:00:04]} a5 {[%emt 0:05:39]} 17. a4 {[%emt 0:02:11]} Be7 {[%emt 0:02:29]} 18. Nf3 {[%emt 0:02:03]} O-O {[%emt 0:00:58]} 19. Nfxe5 {[%emt 0:04:05]} Nxe5 {[%emt 0:07:15]} 20. Bxe5 {[%emt 0:03:08]} Qb7 {[%emt 0:00:03]} 21. Bc3 {[%emt 0:08:43]} Nxb3+ {[%emt 0:06:03]} 22. cxb3 {[%emt 0:00:15]} Qxb3 {[%emt 0:00:05]} 23. Bb2 {[%emt 0:00:40]} Rab8 {[%emt 0:03:56]} 24. Qc2 {[%emt 0:00:22]} Qa2 {[%emt 0:00:22]} 25. Bd4 {[%emt 0:05:04]} Bg5+ {[%emt 0:02:50]} 26. Rd2 {[%emt 0:00:01]} Rb1+ {[%emt 0:01:21]} 27. Qxb1 {[%emt 0:00:01]} Qxc4+ {[%emt 0:00:11]} 28. Qc2 {[%emt 0:01:17]} Qxd4 {[%emt 0:00:45]} 29. Rhh2 {[%emt 0:01:25]} Rd8 {[%emt 0:03:02]} 30. Qa2 {[%emt 0:03:17]} Qg1+ {[%emt 0:01:08]} 31. Kc2 {[%emt 0:00:53]} Bxd2 {[%emt 0:00:07]} 32. fxg6 {[%emt 0:01:17]} Qc1+ {[%emt 0:00:08]} 0-1

[Event "AUT-ch Open 2020"]
[Site "Graz"]
[Date "2020.02.19"]
[Round "7.20"]
[White "Kosakowski, Jakub"]
[Black "Stukan, Martin"]
[Result "1/2-1/2"]
[WhiteElo "2413"]
[BlackElo "2292"]
[Annotator "NA"]
[PlyCount "92"]
[EventDate "2020.02.14"]
[EventType "swiss"]
[EventCountry "AUT"]
[SourceTitle "playchess.com"]
[Source "ChessBase"]
[SourceQuality "1"]
[TimeControl "40/5400+30:1800+30"]

1. e4 {[%emt 0:00:00]} c5 {[%emt 0:00:00]} 2. Nf3 {[%emt 0:00:00]} d6 {[%emt 0:00:00]} 3. d4 {[%emt 0:01:38]} cxd4 {[%emt 0:00:00]} 4. Nxd4 {[%emt 0:00:10]} Nf6 {[%emt 0:00:00]} 5. Nc3 {[%emt 0:00:13]} a6 {[%emt 0:00:00]} 6. Be2 {[%emt 0:01:16]} e5 {[%emt 0:00:00]} 7. Nf3 {[%emt 0:02:07]} Be7 {[%emt 0:00:22]} 8. Bg5 {[%emt 0:00:14]} Nbd7 {[%emt 0:00:38]} 9. a4 {[%emt 0:00:25]} h6 {[%emt 0:01:31]} 10. Bxf6 {[%emt 0:04:23]} Nxf6 {[%emt 0:00:26]} 11. Nd2 {[%emt 0:00:20]} Be6 {[%emt 0:07:57]} 12. Nc4 {[%emt 0:09:00]} Rc8 {[%emt 0:20:28]} 13. Ne3 {[%emt 0:01:46]} Qb6 {[%emt 0:05:34]} 14. Rb1 {[%emt 0:01:02]} Qb4 {[%emt 0:04:09]} 15. Bf3 {[%emt 0:01:04]} O-O {[%emt 0:15:41]} 16. O-O {[%emt 0:00:21]} Bd8 {[%emt 0:00:38]} 17. h4 {[%emt 0:09:10]} Bb6 {[%emt 0:03:12]} 18. Re1 {[%emt 0:02:05]} Bd4 {[%emt 0:08:35]} 19. g4 {[%emt 0:06:41]} Bxc3 {[%emt 0:06:47]} 20. bxc3 {[%emt 0:00:07]} Qxc3 {[%emt 0:00:02]} 21. Qxd6 {[%emt 0:01:13]} Rfd8 {[%emt 0:07:47]} 22. Qb6 {[%emt 0:01:08]} Rd7 {[%emt 0:00:52]} 23. Red1 {[%emt 0:03:53]} Rc6 {[%emt 0:02:41]} 24. Qa7 {[%emt 0:00:15]} Nxg4 {[%emt 0:02:36]} 25. Rxd7 {[%emt 0:18:02]} Bxd7 {[%emt 0:00:07]} 26. Bxg4 {[%emt 0:00:37]} Bxg4 {[%emt 0:01:46]} 27. Qxb7 {[%emt 0:02:24]} Rg6 {[%emt 0:01:18]} 28. Qb4 {[%emt 0:02:07]} Qc6 {[%emt 0:04:46]} 29. Qb8+ {[%emt 0:03:33]} Kh7 {[%emt 0:00:23]} 30. Qxe5 {[%emt 0:00:50]} Bf3+ {[%emt 0:00:30]} 31. Kh2 {[%emt 0:03:43]} Bxe4 {[%emt 0:00:22]} 32. Rb4 {[%emt 0:01:30]} Bh1 {[%emt 0:04:23]} 33. Qf5 {[%emt 0:02:30]} Qd6+ {[%emt 0:00:23]} 34. Rf4 {[%emt 0:00:02]} Bf3 {[%emt 0:00:17]} 35. c4 {[%emt 0:07:17]} Qb8 {[%emt 0:00:02]} 36. h5 {[%emt 0:16:13]} Bxh5 {[%emt 0:00:04]} 37. Nd5 {[%emt 0:00:09]} Bg4 {[%emt 0:00:23]} 38. Qxf7 {[%emt 0:00:46]} Be6 {[%emt 0:03:26]} 39. Qc7 {[%emt 0:00:05]} Qb2 {[%emt 0:00:12]} 40. Rf3 {[%emt 0:01:07]} Qc1 {[%emt 0:00:45]} 41. Nf6+ {[%emt 0:08:04]} Rxf6 {[%emt 0:00:00]} 42. Rxf6 {[%emt 0:00:03]} Bd5 {[%emt 0:00:24]} 43. f3 {[%emt 0:00:45]} Qb2+ {[%emt 0:06:55]} 44. Kg3 {[%emt 0:00:29]} Qxf6 {[%emt 0:00:18]} 45. cxd5 {[%emt 0:00:06]} Qg5+ {[%emt 0:00:02]} 46. Kf2 {[%emt 0:00:12]} Qd2+ {[%emt 0:02:09]} 1/2-1/2

[Event "AUT-ch Open 2020"]
[Site "Graz"]
[Date "2020.02.19"]
[Round "7.20"]
[White "Zoernpfenning, Siegfried"]
[Black "Meurs, Tom"]
[Result "1-0"]
[WhiteElo "2094"]
[BlackElo "2249"]
[Annotator "NA"]
[PlyCount "79"]
[EventDate "2020.02.14"]
[EventType "swiss"]
[EventCountry "AUT"]
[SourceTitle "playchess.com"]
[Source "ChessBase"]
[SourceQuality "1"]
[TimeControl "40/5400+30:1800+30"]

1. d4 {[%emt 0:00:00]} d5 {[%emt 0:00:00]} 2. Bf4 {[%emt 0:00:00]} c5 {[%emt 0:00:29]} 3. e3 {[%emt 0:00:01]} cxd4 {[%emt 0:00:17]} 4. exd4 {[%emt 0:00:12]} Nc6 {[%emt 0:00:05]} 5. c3 {[%emt 0:01:55]} f6 {[%emt 0:00:13]} 6. Nf3 {[%emt 0:04:23]} g5 {[%emt 0:00:32]} 7. Bg3 {[%emt 0:04:28]} Bf5 {[%emt 0:00:51]} 8. Bd3 {[%emt 0:00:23]} Qd7 {[%emt 0:03:16]} 9. Bxf5 {[%emt 0:05:17]} Qxf5 {[%emt 0:00:16]} 10. Qe2 {[%emt 0:00:06]} h5 {[%emt 0:05:55]} 11. h4 {[%emt 0:04:39]} g4 {[%emt 0:03:55]} 12. Nh2 {[%emt 0:00:13]} Nh6 {[%emt 0:02:25]} 13. Nd2 {[%emt 0:05:29]} Bg7 {[%emt 0:08:40]} 14. f3 {[%emt 0:04:23]} gxf3 {[%emt 0:03:52]} 15. gxf3 {[%emt 0:05:15]} e5 {[%emt 0:13:16]} 16. Nb3 {[%emt 0:00:34]} a6 {[%emt 0:29:40]} 17. Nf1 {[%emt 0:03:20]} O-O {[%emt 0:02:21]} 18. Ne3 {[%emt 0:01:06]} Qg6 {[%emt 0:03:54]} 19. Kf2 {[%emt 0:07:52]} Rae8 {[%emt 0:02:47]} 20. Qc2 {[%emt 0:03:13]} f5 {[%emt 0:07:14]} 21. dxe5 {[%emt 0:02:25]} Qe6 {[%emt 0:06:36]} 22. Nc5 {[%emt 0:06:06]} Qe7 {[%emt 0:00:11]} 23. Nd3 {[%emt 0:00:08]} f4 {[%emt 0:02:21]} 24. Bxf4 {[%emt 0:00:14]} Rxf4 {[%emt 0:01:49]} 25. Nxf4 {[%emt 0:00:40]} Nxe5 {[%emt 0:00:30]} 26. Rae1 {[%emt 0:03:21]} Qf7 {[%emt 0:00:55]} 27. Nexd5 {[%emt 0:00:23]} Rf8 {[%emt 0:00:35]} 28. Rhg1 {[%emt 0:03:56]} Nhg4+ {[%emt 0:00:34]} 29. fxg4 {[%emt 0:00:23]} Qxd5 {[%emt 0:00:06]} 30. Re4 {[%emt 0:05:36]} Nd3+ {[%emt 0:00:16]} 31. Ke3 {[%emt 0:00:18]} Nxf4 {[%emt 0:00:32]} 32. gxh5 {[%emt 0:00:30]} Qc5+ {[%emt 0:00:12]} 33. Rd4 {[%emt 0:00:18]} Ne6 {[%emt 0:01:21]} 34. h6 {[%emt 0:00:35]} Re8 {[%emt 0:00:32]} 35. Qg6 {[%emt 0:00:12]} Qe5+ {[%emt 0:00:30]} 36. Re4 {[%emt 0:00:16]} Qc5+ {[%emt 0:00:03]} 37. Kd3 {[%emt 0:00:59]} Nf4+ {[%emt 0:00:56]} 38. Rxf4 {[%emt 0:00:10]} Qb5+ {[%emt 0:00:28]} 39. Rc4 {[%emt 0:01:21]} Qd5+ {[%emt 0:00:21]} 40. Kc2 {[%emt 0:00:44]} 1-0

[Event "AUT-ch Open 2020"]
[Site "Graz"]
[Date "2020.02.19"]
[Round "7.21"]
[White "Karthikeyan, P.."]
[Black "Caglar, Sila"]
[Result "1-0"]
[WhiteElo "2406"]
[BlackElo "2268"]
[Annotator "ChessBase"]
[PlyCount "106"]
[EventDate "2020.02.14"]
[EventType "swiss"]
[EventCountry "AUT"]
[SourceTitle "playchess.com"]
[Source "ChessBase"]
[SourceQuality "1"]
[TimeControl "40/5400+30:1800+30"]

1. e4 {[%emt 0:03:23]} c5 {[%emt 0:03:24]} 2. Nc3 {[%emt 0:00:04]} Nc6 {[%emt 0:01:05]} 3. Bb5 {[%emt 0:00:05]} Nd4 {[%emt 0:00:52]} 4. Nf3 {[%emt 0:00:04]} a6 {[%emt 0:08:58]} 5. Bd3 {[%emt 0:00:46]} g6 {[%emt 0:10:41]} 6. Nxd4 {[%emt 0:01:03]} cxd4 {[%emt 0:00:07]} 7. Ne2 {[%emt 0:00:07]} Bg7 {[%emt 0:00:07]} 8. c3 {[%emt 0:00:02]} dxc3 {[%emt 0:01:05]} 9. dxc3 {[%emt 0:00:04]} Nf6 {[%emt 0:02:49]} 10. O-O {[%emt 0:00:46]} O-O {[%emt 0:00:05]} 11. Nd4 {[%emt 0:00:30]} d5 {[%emt 0:02:47]} 12. e5 {[%emt 0:01:44]} Ne4 {[%emt 0:01:12]} 13. f3 {[%emt 0:00:11]} Nc5 {[%emt 0:00:25]} 14. Bf4 {[%emt 0:00:03]} Qb6 {[%emt 0:02:08]} 15. Rf2 {[%emt 0:00:36]} Ne6 {[%emt 0:01:37]} 16. Nxe6 {[%emt 0:01:26]} Bxe6 {[%emt 0:00:44]} 17. Qd2 {[%emt 0:00:59]} d4 {[%emt 0:08:33]} 18. c4 {[%emt 0:00:15]} Rac8 {[%emt 0:03:29]} 19. b3 {[%emt 0:00:11]} a5 {[%emt 0:02:06]} 20. Bh6 {[%emt 0:01:18]} Bxe5 {[%emt 0:08:24]} 21. Bxf8 {[%emt 0:01:18]} Rxf8 {[%emt 0:00:24]} 22. Re1 {[%emt 0:01:59]} Bd6 {[%emt 0:05:52]} 23. Qh6 {[%emt 0:01:54]} Bd7 {[%emt 0:09:24]} 24. f4 {[%emt 0:04:36]} f5 {[%emt 0:01:23]} 25. h4 {[%emt 0:05:14]} Qb4 {[%emt 0:03:29]} 26. Ree2 {[%emt 0:09:22]} Qc3 {[%emt 0:04:30]} 27. c5 {[%emt 0:03:59]} Bxc5 {[%emt 0:02:23]} 28. Rf3 {[%emt 0:02:55]} e6 {[%emt 0:02:41]} 29. h5 {[%emt 0:02:46]} Rf6 {[%emt 0:01:19]} 30. Qg5 {[%emt 0:00:24]} Kg7 {[%emt 0:00:49]} 31. Kh2 {[%emt 0:06:01]} Qb4 {[%emt 0:02:32]} 32. h6+ {[%emt 0:00:35]} Kf7 {[%emt 0:00:17]} 33. g4 {[%emt 0:03:07]} Bb5 {[%emt 0:01:33]} 34. gxf5 {[%emt 0:04:17]} exf5 {[%emt 0:00:09]} 35. Qg2 {[%emt 0:02:42]} Bc6 {[%emt 0:04:48]} 36. Qg3 {[%emt 0:04:20]} Bd6 {[%emt 0:03:40]} 37. Bc4+ {[%emt 0:07:35]} Kf8 {[%emt 0:00:04]} 38. Rf1 {[%emt 0:00:14]} b5 {[%emt 0:00:37]} 39. Bd3 {[%emt 0:02:22]} Qc5 {[%emt 0:01:22]} 40. Qh4 {[%emt 0:03:19]} g5 {[%emt 0:01:32]} 41. Qxg5 {[%emt 0:31:28]} Rg6 {[%emt 0:30:06]} 42. Qxf5+ {[%emt 0:02:58]} Qxf5 {[%emt 0:00:00]} 43. Bxf5 {[%emt 0:00:00]} Rf6 {[%emt 0:00:00]} 44. Be4 {[%emt 0:00:00]} Re6 {[%emt 0:00:00]} 45. Bd3 {[%emt 0:00:00]} Rxh6+ {[%emt 0:00:00]} 46. Kg3 {[%emt 0:00:00]} a4 {[%emt 0:00:00]} 47. Kg4 {[%emt 0:00:00]} Bd5 {[%emt 0:00:00]} 48. Bxb5 {[%emt 0:00:00]} axb3 {[%emt 0:00:00]} 49. axb3 {[%emt 0:00:00]} Rg6+ {[%emt 0:00:00]} 50. Kf5 {[%emt 0:00:00]} Bxb3 {[%emt 0:00:00]} 51. Ra1 {[%emt 0:00:00]} Bf7 {[%emt 0:00:00]} 52. Ra7 {[%emt 0:04:17]} Rg3 {[%emt 0:04:10]} 53. Rd2 {[%emt 0:06:59]} Rb3 {[%emt 0:01:45]} 1-0